DRM systems in wireless environment [abstract] /

Elmentve itt :
Bibliográfiai részletek
Szerzők: Móga Rita
Polyák Tamás
Oláh István
Testületi szerző: Conference of PhD students in computer science (5.)
Dokumentumtípus: Könyv része
Megjelent: University of Szeged Szeged 2006
Sorozat:Conference of PhD Students in Computer Science 5
Kulcsszavak:Adatvédelem - számítógépes - előadáskivonat, Számítástechnika - előadáskivonat
Tárgyszavak:
Online Access:http://acta.bibl.u-szeged.hu/59876
LEADER 00945naa a2200229 i 4500
001 acta59876
005 20230629094952.0
008 191016s2006 hu o 1|| eng d
040 |a SZTE Egyetemi Kiadványok Repozitórium  |b hun 
041 |a eng 
100 1 |a Móga Rita 
245 1 0 |a DRM systems in wireless environment   |h [elektronikus dokumentum] :  |b [abstract] /  |c  Móga Rita 
260 |a University of Szeged  |b Szeged  |c 2006 
300 |a 77 
490 0 |a Conference of PhD Students in Computer Science  |v 5 
650 4 |a Természettudományok 
650 4 |a Számítás- és információtudomány 
695 |a Adatvédelem - számítógépes - előadáskivonat, Számítástechnika - előadáskivonat 
700 0 1 |a Polyák Tamás  |e aut 
700 0 1 |a Oláh István  |e aut 
711 |a Conference of PhD students in computer science (5.)  |c Szeged  |d 2006. június 27-30. 
856 4 0 |u http://acta.bibl.u-szeged.hu/59876/1/cscs_2006_077.pdf  |z Dokumentum-elérés